000 01582nam a2200217Ia 4500
003 Ost
005 20260507075600.0
008 260507s9999||||xx |||||||||||||| ||und||
020 _a996024436
040 _cfsecg
041 _aara
082 _a330
100 _aابدجمان، مايكل
_eمؤلف
245 0 _aالاقتصاد الكلي :
_bالنظرية والسياسة /
_c مايكل ابدجمان
260 _aالرياض:
_bدار المريخ للنشر,
_c1999
300 _a656 صفحة؛
_bإيضاحات ؛
_c24 سم
504 _aملاحق ص.609
520 _aالاقتصاد الكلي و الاقتصاد الجزئي, محاسبة الدخل القومي, مقدمة في تحديد الدخل القومي, القطاع الحكومي و نظرية تحديد الدخل الاستهلاك, الاستثمار و التوازن في سوق المنتجات, عرض النقود, الطلب على النقود و التوازن في سوق النقود, نظرية تحديد الدخل (اسواق المنتجات و النقود, العرض الكلي و الطلب الكلي), المدرسة النقدية و التوقعات الرشيدة, التضخم , العملية التضخمية و كذا سياسات لتخفيض التخضم و البطالة, النمو الاقتصادي, التجارة الدولية و سياسة الاستقرار, السياسة المالية و النقدية و اخيرا السياسة الدخلية.
653 _aالاقتصاد الكلي, الاقتصاد الجزئي
942 _cكتاب
999 _c45001
_d45001